Văn hóa dân gian các dân tộc ít người ở Thừa Thiên Huế Song ngữ Việt - Ta Ôi, Việt - Cơ Tu Quyển 1 Văn hóa dân gian các dân tộc ít người ở Thừa Thiên Huế

Khái luận về văn học dân gian các dân tộc ít người ở Thừa Thiên Huế. Quy cách biên saonj, trình bày. Văn bản văn hóa dân gian các dân tộc ít người ở Thừa Thiên Huế - phần Tiếng Việt:: Văn học dân gian Ta ôi , văn học dân gian dân tộc Cơ tu....

Ausführliche Beschreibung

Gespeichert in:
Bibliographische Detailangaben
1. Verfasser: Kê Sửu
Weitere Verfasser: Trần Nguyễn Khánh Phong, Triều Nguyên
Format: Buch
Sprache:Vietnamese
Veröffentlicht: H. Văn hóa thông tin 2013
Schlagworte:
Tags: Tag hinzufügen
Keine Tags, Fügen Sie den ersten Tag hinzu!
Thư viện lưu trữ: Mạng thư viện Đại học Đà Nẵng
LEADER 02138nam a2200409 4500
001 000019609
003 16046
005 20140722090742.0
008 140623s2013 viesd
041 0 |a vie 
082 1 4 |a 398.0959749  |b KÊ-S 
100 1 |a Kê Sửu 
245 1 0 |a Văn hóa dân gian các dân tộc ít người ở Thừa Thiên Huế  |b Song ngữ Việt - Ta Ôi, Việt - Cơ Tu  |c Kê Sửu (ch.b), Trần Nguyễn Khánh Phong, Triều Nguyên  |n Quyển 1  |p Văn hóa dân gian các dân tộc ít người ở Thừa Thiên Huế 
260 |a H.  |b Văn hóa thông tin  |c 2013 
300 |a 665 tr.  |c 21 cm. 
500 |a Đầu sách ghi: Hội văn nghệ dân gian Việt Nam 
504 |a Thư mục tr.657-665 
520 3 |a Khái luận về văn học dân gian các dân tộc ít người ở Thừa Thiên Huế. Quy cách biên saonj, trình bày. Văn bản văn hóa dân gian các dân tộc ít người ở Thừa Thiên Huế - phần Tiếng Việt:: Văn học dân gian Ta ôi , văn học dân gian dân tộc Cơ tu. 
650 0 4 |a Văn học dân gian  |x Nghiên cứu  |z Việt Nam 
653 |a Văn học dân gian 
653 |a Dân tộc Ta Ôi 
653 |a Dân tộc Cơ Tu 
700 1 |a Trần Nguyễn Khánh Phong 
700 1 |a Triều Nguyên 
773 |d H.  |d 2013  |d Văn hóa thông tin  |t Văn hóa dân gian các dân tộc ít người ở Thừa Thiên Huế  |w 16045 
OWN |a LSP 
AVA |a UDN50  |b LNN  |d 895.922 KÊ-S  |e available  |t Error 5001 Not defined in file expand_doc_bib_avail.  |f 1  |g 0  |h N  |i 0 
AVA |a UDN50  |b LSP  |d 398.0959749 KÊ-S  |e available  |t Error 5001 Not defined in file expand_doc_bib_avail.  |f 1  |g 0  |h N  |i 0  |k 1 
999 |a From the UDN01 
AVA |a UDN50  |b LNN  |d 895.922 KÊ-S  |e available  |t Error 5001 Not defined in file expand_doc_bib_avail.  |f 1  |g 0  |h N  |i 0 
AVA |a UDN50  |b LSP  |d 398.0959749 KÊ-S  |e available  |t Error 5001 Not defined in file expand_doc_bib_avail.  |f 1  |g 0  |h N  |i 0  |k 1 
TYP |a Monograph 
TYP |a Printed language 
980 |a Mạng thư viện Đại học Đà Nẵng